Ignite me (Record no. 116075)

MARC details
000 -LÍDER
campo de controle de tamanho fixo 00608 a2200241 4500
001 - NÚMERO DE CONTROLE
campo de controle 116075
020 ## - ISBN - INTERNATIONAL STANDARD BOOK NUMBER
ISBN - International Standard Book Number 9780062085580
041 ## - CÓDIGO DE IDIOMA
Código do idioma do texto/trilha sonora ou título diferente por
090 ## - NÚMERO DE CHAMADA LOCAL
Número de chamada (OCLC) (R); Número de chamada, CALL (RLIN) (NR) P Year 9 [Fic]
040 ## - FONTE DA CATALOGAÇÃO
Instituição da catalogação original BR-BrIDEA
Instituição que transcreveu o registro BR-BrIDEA
100 ## - ENTRADA PRINCIPAL--NOME PESSOAL
Nome pessoal Mafi, Tahereh.
250 ## - EDIÇÃO
Edição 1st ed.
245 10 - TÍTULO
Título Ignite me
Indicação de responsabilidade, etc. Tahereh Mafi
260 ## - PUBLICAÇÃO, DISTRIBUIÇÃO, ETC.
Nome do editor, distribuidor, etc. Harper, an imprint of HarperCollinsPublishers
Data da publicação, distribuição, etc. 2015
300 ## - DESCRIÇÃO FÍSICA
Extensão 408 p.
697 ## - ENTRADA DE ASSUNTO LOCAL--ENTIDADE COLETIVA (RLIN)
Nome corporativo ou nome da jurisdição Love stories.
697 ## - ENTRADA DE ASSUNTO LOCAL--ENTIDADE COLETIVA (RLIN)
Nome corporativo ou nome da jurisdição Science fiction.
697 ## - ENTRADA DE ASSUNTO LOCAL--ENTIDADE COLETIVA (RLIN)
Nome corporativo ou nome da jurisdição Soldiers - Fiction.
697 ## - ENTRADA DE ASSUNTO LOCAL--ENTIDADE COLETIVA (RLIN)
Nome corporativo ou nome da jurisdição Ability - Fiction.
697 ## - ENTRADA DE ASSUNTO LOCAL--ENTIDADE COLETIVA (RLIN)
Nome corporativo ou nome da jurisdição Dictators - Fiction.
856 ## - LOCALIZAÇÃO ELETRÔNICA E ACESSO
Uniform Resource Identifier <a href="00002b/00002b40.jpeg">00002b/00002b40.jpeg</a>
942 ## - ELEMENTOS DE ENTRADA ADICIONADOS (KOHA)
Tipo de material Koha Livros
Holdings
Situação do descarte Situação das perdas Fonte da classificação ou esquema de arquivamento na estante Situação física Não pode ser emprestado Biblioteca de origem Biblioteca atual Data de aquisição Total de empréstimos Número de chamada completo Código de barras Data de último acesso Data do preço efetivo Tipo de material Koha
    Classificação Decimal de Dewey     ECB - SUDOESTE ECB - SUDOESTE 06/01/2016   P Year 9 [Fic] 00022322SSW 23/01/2024 23/01/2024 Livros